| 000 | 00831nam a2200229Ia 4500 | ||
|---|---|---|---|
| 001 | 15906 | ||
| 003 | GE_BSU | ||
| 008 | 181216s||||||||xx |||||||||||||| ||und|| | ||
| 040 | _cGE_BSU | ||
| 080 | _a821.353.1-11 | ||
| 100 | _aხალვაში, ფრიდონ | ||
| 245 | _aორი პოემა | ||
| 245 | _bსინათლე, მშვიდობის ჯარისკაცი | ||
| 245 | _cრედ.ირაკლი აბაშიძე. მხ.მ.ჩარგეიშვილი | ||
| 260 | _aბათუმი | ||
| 260 | _bაჭარის ასსრ სახელგამი | ||
| 260 | _c1952 | ||
| 300 | _a109გვ. ; 19სმ | ||
| 653 | _aორი პოემა | ||
| 653 | _aსინათლე, მშვიდობის ჯარისკაცი | ||
| 942 | _cBK | ||
| 999 |
_c49001 _d49001 |
||